| 000 | 00384nam a2200169Ia 4500 | ||
|---|---|---|---|
| 100 | _aGanguli/Ranjan | ||
| 650 | _aOptimization | ||
| 942 | _cBK | ||
| 366 | _f23 | ||
| 654 | _aoptimization | ||
| 245 | _aEngineering Optimization:A modern approach | ||
| 260 |
_bUniversity Press _c2011 |
||
| 082 |
_a658.4033 _bGAN |
||
| 300 | _a257 | ||
| 546 |
_aENGLISH _cInfo.Tech |
||
| 999 |
_c18822 _d18822 |
||